000 00220nam a22000977a 4500
999 _c262784
_d262783
020 _a01410502068
100 _aLudwig Bemelmans
245 _aMadeline and the bad hat
260 _aU.S.A
_bViking Press
_c1956
942 _cBK